Outline of Indian Legal and Constitutional History (Record no. 6399)

MARC details
000 -LEADER
fixed length control field 00443nam a22001817a 4500
005 - DATE AND TIME OF LATEST TRANSACTION
control field 20210904102239.0
008 - FIXED-LENGTH DATA ELEMENTS--GENERAL INFORMATION
fixed length control field 200521b xxu||||| |||| 00| 0 eng d
020 ## - INTERNATIONAL STANDARD BOOK NUMBER
ISBN 9789351431077
041 ## - LANGUAGE CODE
Language code of text/sound track or separate title eng
082 ## - DEWEY DECIMAL CLASSIFICATION NUMBER
Classification number 340.0954 JAI
100 ## - MAIN ENTRY--AUTHOR NAME
Personal name Jain, M.P
245 ## - TITLE STATEMENT
Title Outline of Indian Legal and Constitutional History
250 ## - EDITION STATEMENT
Edition statement 7'th
260 ## - PUBLICATION, DISTRIBUTION, ETC. (IMPRINT)
Place of publication Haryana
Name of publisher Lexisnexis
Year of publication 2014
300 ## - PHYSICAL DESCRIPTION
Number of Pages 827p.
650 ## - SUBJECT ADDED ENTRY--TOPICAL TERM
Topical Term LAW
942 ## - ADDED ENTRY ELEMENTS (KOHA)
Koha item type Books
Holdings
Lost status Damaged status Collection code Home library Current library Shelving location Date acquired Source of acquisition Cost, normal purchase price Full call number Accession Number Koha item type
    Reference JRU Library JRU Library SHELF-1-A 02/06/2020 PURCHASE 750.00 340.0954 JAI 24257 Books
    LAW JRU Library JRU Library SHELF-30-A 02/06/2020 PURCHASE 750.00 340.0954 JAI 24258 Books
      JRU Library JRU Library SHELF-30-A 02/06/2020 PURCHASE 750.00 340.0954 JAI 24259 Books
    LAW JRU Library JRU Library SHELF-30-A 02/06/2020 PURCHASE 750.00 340.0954 JAI 24260 Books
    LAW JRU Library JRU Library SHELF-30-A 02/06/2020 PURCHASE 750.00 340.0954 JAI 24261 Books
    LAW JRU Library JRU Library SHELF-30-A 02/06/2020 PURCHASE 750.00 340.0954 JAI 24262 Books
      JRU Library   SHELF-30-A 02/06/2020 PURCHASE 750.00 340.0954 JAI 24263 Books
      JRU Library   SHELF-30-A 02/06/2020 PURCHASE 750.00 340.0954 JAI 24264 Books
    LAW JRU Library JRU Library SHELF-30-A 02/06/2020 PURCHASE 750.00 340.0954 JAI 24265 Books
    LAW JRU Library JRU Library SHELF-30-A 02/06/2020 PURCHASE 750.00 340.0954 JAI 24266 Books